我的男人是爬蟲類

資料類型: Book 圖書   書目號:44905

Leader xxxxxxxxxx
001 __ PCLIS00044905
005 __ 19960108113628.0008
010 0_ |a957-33-1270-0|b平裝|d新臺幣160元
020 __ |acw|b84012998
042 __ |anbi9703cas
042 __ |anbi9703cas
042 __ |anbi9801aas
042 __ |anbi10012b
090 __ |a(nbi)b22057225
100 __ |a19951205d1995        0chib0109    e
101 0_ |achi
102 __ |atw
105 __ |aa   z   000yy
200 1_ |a我的男人是爬蟲類|e|f張曼娟作
205 __ |a初版
210 __ |a臺北市|c皇冠|d民84
215 0_ |a246面|c|d21公分
225 1_ |a皇冠叢書|v第2585種
225 1_ |a張曼娟作品|v8
300 __ |a
681 __ |a857.7
687 __ |a857.7|b4485-Ⅷ|dCCH
700 _1 |a|b曼娟|f1961-|4|3NO000235402
702 __ |a|b|4
801 _0 |acw|bCCU|c19960308|gCCR
856 __ |uhttp://www.crown.com.tw/|z皇冠文化集團|2http
詳細館藏(共 1 筆)
索 書 號登 錄 號冊次號館別 / 館藏地流通類型狀態加入預約清單電子資源
857.7 / 8780 2018723  圖書館 / 二樓性別平等專區 可外借30天 在館   

| 條列資料




目錄查詢 分類查詢 個人資料 圖書薦購 新書查詢 閉館日 排行榜 更多電子資源 Hami書城 線上資料庫 登出

From : 216.73.217.52

  本日流通累計至 10:34:42 借閱 : 0 次 續借 : 0 次 歸還 : 0 次 預約 : 0 次 電子資源 : 0 次


內湖高中圖書館  PCLIS 版本  26.5.0.12